| 000 | 00600nam a2200241 a 4500 | ||
|---|---|---|---|
| 001 | nice12345678 | ||
| 003 | IN_TiNIC | ||
| 005 | 20260116015119.0 | ||
| 008 | 050524s2004 bana grp 000 0 eng | ||
| 020 |
_a _c100 |
||
| 082 | 0 | 0 |
_a275.4 _bWES |
| 100 | _aWesley, Arun Kumar | ||
| 245 | _aThis Is How the Gospel Came to Badachoudanahalli | ||
| 260 |
_aBanglore _bBtessc _c2004 |
||
| 300 | _a101p | ||
| 500 | _aincludes index and biblioraphy | ||
| 505 | 2 | _aAppendices | |
| 650 | _aChristianity-India | ||
| 700 | 1 | _aWesley, Arun Kumar | |
| 902 | _bSRS | ||
| 942 | _cBK | ||
| 999 |
_c18378 _d18378 |
||